000 00614cam a2200205 4500500
005 20260329003002.0
041 _afre
042 _adc
100 1 0 _aLegros, Martin
_eauthor
245 0 0 _aLa révolution Tocqueville gagne les élites chinoises
260 _c2014.
500 _a98
690 _aCapitalisme
690 _aChine
690 _aLibéralisme
690 _aPolitique
690 _aTocqueville
786 0 _nPhilosophie magazine | 80 | 6 | 2014-06-01 | p. 12-12 | 1951-1787
856 4 1 _uhttps://shs.cairn.info/magazine-philosophie-magazine-2014-6-page-12?lang=fr&redirect-ssocas=7080
999 _c1820286
_d1820286